| 000 | 00430cam a2200181ua 4500 | ||
|---|---|---|---|
| 020 | _c3.5 | ||
| 041 |
_amal _h |
||
| 082 |
_a894.81209 _bSAN/VA |
||
| 100 | _aSankaran, C . | ||
| 245 |
_aVallathol sahithyam / _cC Sankaran. _hTextual Documents |
||
| 250 |
_a1 / _b. |
||
| 260 |
_aThrissur : _bSiddhartha Book House , _c1966. |
||
| 300 | _a204 ; . | ||
| 365 | _a3.5 | ||
| 504 | _a | ||
| 942 | _cBK | ||
| 999 |
_c11604 _d11604 |
||